000 00641cam a2200145 4500500
005 20260111124208.0
041 _afre
042 _adc
100 1 0 _aTrochet, Jean-René
_eauthor
245 0 0 _aAline Durand(dir.), Plantes exploitées, plantes cultivées. Cultures, techniques, discours. Études offertes à Georges Comet Aix-en-Provence, Publications de l'université de Provence, 2007, 177 p.
260 _c2018.
500 _a11
786 0 _nAnnales. Histoire, Sciences Sociales | 72e aée | 2 | 2018-02-22 | p. 496-497 | 0395-2649
856 4 1 _uhttps://shs.cairn.info/revue-annales-2017-2-page-496?lang=fr&redirect-ssocas=7080
999 _c1634443
_d1634443